Multiple Choice City Quiz – Brussels - Statistics

General Stats
  • This quiz has been taken 34 times
  • The average score is 8 of 10
Answer Stats
Question Answer % Correct
Which of these images shows a statue found in Brussels?
97%
What is the name of the building built for the 1958 World's Fair held in Brussels? Atomium
94%
What is one of Brussel's nicknames? Capital of Europe
87%
Which of these major international organizations are headquartered in Belgium? North Atlantic Treaty Organization (NATO)
84%
Which of these famous characters call Brussels home? Tintin
84%
What architectural style was the famous Hôtel Tassel one of the first to implement? Art Nouveau
81%
Which of these images depicts Brussels?
74%
What is the name of the central square in Brussels? Grand-Place
71%
What river does Brussels lie on? The Senne
65%
In what year was Brussels originally founded 979
29%
No matching quizzes found
Score Distribution
Percent of People with Each Score
Percentile by Number Answered
Your Score History
You have not taken this quiz